[Event "Eastern Idaho Open"]
[Site "Chess.com"]
[Date "2020.09.26"]
[Round "3"]
[White "NLchaos"]
[Black "little_pikachu_soya"]
[Result "1-0"]
[WhiteElo "1623"]
[BlackElo "1586"]

1. d4 } 1... d5 } 2. Nf3 } 2... Nf6 } 3. e3 } 3... Bf5 } 4. c4 } 4... c6 } 5.
Nc3 } 5... e6 } 6. Nh4 } 6... Be4 } 7. f3 } 7... Bg6 } 8. Nxg6 } 8... hxg6 }
9. Qb3 } 9... Qc7 } 10. h3 } 10... Qg3+ } 11. Ke2 } 11... Qc7 } 12. Bd2 }
12... Nh5 } 13. Be1 } 13... Bd6 } 14. Rc1 } 14... Qd7 } 15. Kd2 } 15... Bg3 }
16. Bd3 } 16... Bxe1+ } 17. Rhxe1 } 17... O-O } 18. g4 } 18... Nf6 } 19. Kc2 }
19... dxc4 } 20. Bxc4 } 20... b5 } 21. Bd3 } 21... a5 } 22. Kb1 } 22... a4 }
23. Qc2 } 23... a3 } 24. b3 } 24... Na6 } 25. g5 } 25... Nb4 } 26. Qd2 } 26...
Nfd5 } 27. Ne4 } 27... Nxd3 } 28. Qxd3 } 28... Rfc8 } 29. Nc5 } 29... Qd6 }
30. e4 } 30... Nf4 } 31. Qd2 } 31... Nh5 } 32. e5 } 32... Qd5 } 33. Ne4 }
33... Rd8 } 34. Nd6 } 34... Ng3 } 35. Re3 } 35... Nf5 } 36. Rc5 } 36... Nxe3 }
37. Rxd5 } 37... Nxd5 } 38. Qc1 } 38... Ra6 } 39. h4 } 39... Rb8 } 40. Qd2 }
40... Kf8 } 41. Qc1 } 41... Ke7 } 42. Qc5 } 42... b4 } 43. Nb5+ } 43... Ke8 }
44. Nd6+ } 44... Ke7 } 45. Nf5+ } 45... Kd8 } 46. Qf8+ } 46... Kc7 } 47. Qxf7+
} 47... Kb6 } 48. Nd6 } 48... Nc3+ } 49. Ka1 } 49... Ra7 } 50. Qxe6 } 50...
Rc7 } 51. Nc4+ } 51... Ka7 } 52. Qd6 } 52... Rbc8 } 53. Qxb4 } 53... Nb5 } 54.
Qa5+ } 54... Kb7 } 55. Qb6+ } 55... Ka8 } 56. Qc5 } 56... Rb8 } 57. Nb6+ }
57... Kb7 } 58. Nc4 } 58... Ka8 } 59. Nxa3 } 59... Nxa3 } 60. Qxa3+ } 60...
Ra7 } 61. Qc5 } 61... Rc7 } 62. d5 } 62... Rb5 } 63. Qf8+ } 63... Kb7 } 64. d6
} 64... Rd7 } 65. e6 } {#r} 1-0

[Event "Eastern Idaho Open"]
[Site "Chess.com"]
[Date "2020.09.26"]
[Round "3"]
[White "siegfried23"]
[Black "BatmanNelson"]
[Result "1-0"]
[WhiteElo "1519"]
[BlackElo "1339"]

1. d4 } 1... e6 } 2. Nf3 } 2... d5 } 3. e3 } 3... c5 } 4. c4 } 4... Nc6 } 5.
Nc3 } 5... Nf6 } 6. Bd3 } 6... g6 } 7. O-O } 7... Bg7 } 8. Be2 } 8... O-O } 9.
cxd5 } 9... exd5 } 10. dxc5 } 10... Ne4 } 11. Nxd5 } 11... Ne5 } 12. Nxe5 }
12... Bxe5 } 13. Bf3 } 13... f5 } 14. Qb3 } 14... Be6 } 15. Rd1 } 15... Nxc5 }
16. Qc4 } 16... Rc8 } 17. Qe2 } 17... Ne4 } 18. Nc3 } 18... Nxc3 } 19. bxc3 }
19... Qh4 } 20. g3 } 20... Qh3 } 21. Ba3 } 21... Rfd8 } 22. Bxb7 } 22... Rb8 }
23. Rxd8+ } 23... Rxd8 } 24. Bg2 } 24... Qh6 } 25. Rd1 } 25... Rxd1+ } 26.
Qxd1 } 26... Bxc3 } 27. Qd8+ } 27... Kf7 } 28. Qc7+ } 28... Kg8 } 29. Qxc3 }
29... Bxa2 } 30. Qc8+ } 30... Kf7 } 31. Qd7+ } 31... Kg8 } 32. Qe8+ } 32...
Qf8 } 33. Qxf8# } 1-0

[Event "Eastern Idaho Open"]
[Site "Chess.com"]
[Date "2020.09.26"]
[Round "3"]
[White "datservice"]
[Black "TofuNightmare"]
[Result "1-0"]
[WhiteElo "1203"]
[BlackElo "902"]

1. c4 } 1... c5 } 2. Nc3 } 2... Nc6 } 3. g3 } 3... Nf6 } 4. Bg2 } 4... e5 } 5.
d3 } 5... g6 } 6. Nf3 } 6... Bg7 } 7. Bg5 } 7... d6 } 8. Nd5 } 8... Be6 } 9.
Nxf6+ } 9... Bxf6 } 10. Bh6 } 10... Ne7 } 11. Qd2 } 11... Nf5 } 12. Bg5 }
12... Bxg5 } 13. Qxg5 } 13... Qxg5 } 14. Nxg5 } 14... Nd4 } 15. Kd2 } 15...
O-O } 16. Rab1 } 16... Rab8 } 17. e3 } 17... Nc6 } 18. Nxe6 } 18... fxe6 } 19.
Rhf1 } 19... a6 } 20. f4 } 20... exf4 } 21. Rxf4 } 21... Rxf4 } 22. gxf4 }
22... Ne7 } 23. b4 } 23... Rc8 } 24. Bxb7 } 24... Rb8 } 25. Bxa6 } 25... Ra8 }
26. b5 } 26... Nf5 } 27. a4 } 27... Nh4 } 28. Ke2 } 28... Kf8 } 29. Ra1 }
29... Ke7 } 30. Bb7 } 30... Rb8 } 31. Bc6 } 31... Kd8 } 32. a5 } 32... Kc7 }
33. a6 } {#r} 1-0

[Event "Eastern Idaho Open"]
[Site "Chess.com"]
[Date "2020.09.26"]
[Round "4"]
[White "bigdonkeyhead"]
[Black "iwillbeatyou2day"]
[Result "1-0"]
[WhiteElo "1365"]
[BlackElo "1097"]

1. e4 } 1... c5 } 2. Nf3 } 2... Nc6 } 3. d4 } 3... cxd4 } 4. Bc4 } 4... e5 }
5. c3 } 5... Bc5 } 6. O-O } 6... Nf6 } 7. Ng5 } 7... O-O } 8. h4 } 8... g6 }
9. Nf3 } 9... Nxe4 } 10. Bh6 } 10... Re8 } 11. Ng5 } 11... Nxg5 } 12. Bxg5 }
12... Qc7 } 13. Qf3 } 13... Rf8 } 14. Bh6 } 14... Re8 } 15. Qxf7+ } 15... Kh8
} 16. Qg7# } 1-0

[Event "Eastern Idaho Open"]
[Site "Chess.com"]
[Date "2020.09.26"]
[Round "4"]
[White "Ok_At_Chess"]
[Black "siegfried23"]
[Result "1-0"]
[WhiteElo "1673"]
[BlackElo "1514"]

1. e4 } 1... e5 } 2. Nf3 } 2... Nc6 } 3. d4 } 3... exd4 } 4. Nxd4 } 4... Bc5 }
5. Nb3 } 5... Bb6 } 6. Nc3 } 6... Nf6 } 7. Bd3 } 7... O-O } 8. O-O } 8... d6 }
9. Bg5 } 9... h6 } 10. Bh4 } 10... Ne5 } 11. a4 } 11... a5 } 12. Nd5 } 12...
Be6 } 13. Nxf6+ } 13... gxf6 } 14. Kh1 } 14... Kh7 } 15. f4 } 15... Ng4 } 16.
e5+ } 16... Kh8 } 17. h3 } 17... Ne3 } 18. Qh5 } 18... Kg7 } 19. Bxf6+ } {#r}
1-0

[Event "Eastern Idaho Open"]
[Site "Chess.com"]
[Date "2020.09.26"]
[Round "4"]
[White "Reisig"]
[Black "honeybeee91"]
[Result "1-0"]
[WhiteElo "1619"]
[BlackElo "1218"]

1. d4 } 1... d5 } 2. Bf4 } 2... Nf6 } 3. e3 } 3... Bf5 } 4. Nd2 } 4... e6 } 5.
c3 } 5... Bd6 } 6. Bg3 } 6... O-O } 7. Qb3 } 7... b6 } 8. Ngf3 } 8... Nc6 } 9.
Ne5 } 9... Na5 } 10. Qd1 } 10... Nd7 } 11. Be2 } 11... f6 } 12. Nxd7 } 12...
Qxd7 } 13. Nf3 } 13... Rae8 } 14. Nh4 } 14... Bg6 } 15. Nxg6 } 15... hxg6 }
16. Qc2 } 16... Kf7 } 17. Bd3 } 17... f5 } 18. Bh4 } 18... Rh8 } 19. Bg3 }
19... Rh6 } 20. O-O-O } 20... Reh8 } 21. h3 } 21... Bxg3 } 22. fxg3 } 22...
Qd6 } 23. Qf2 } 23... c5 } 24. Bb5 } 24... cxd4 } 25. exd4 } 25... Qc7 } 26.
Kb1 } 26... Nc4 } 27. g4 } 27... Nd6 } 28. Bd3 } 28... Rh4 } 29. gxf5 } 29...
gxf5 } 30. Qf3 } 30... g6 } 31. g4 } 31... Ne4 } 32. Ka1 } 32... Qg3 } 33.
Bxe4 } 33... Rxh3 } 34. Qxg3 } 34... Rxh1 } 35. Rxh1 } {#r} 1-0

[Event "Eastern Idaho Open"]
[Site "Chess.com"]
[Date "2020.09.26"]
[Round "4"]
[White "iballisticsquid123"]
[Black "KaKod0121"]
[Result "1/2-1/2"]
[WhiteElo "2122"]
[BlackElo "2088"]

1. e4 } 1... e5 } 2. Nf3 } 2... Nc6 } 3. Bb5 } 3... a6 } 4. Ba4 } 4... Nf6 }
5. O-O } 5... Be7 } 6. Re1 } 6... b5 } 7. Bb3 } 7... O-O } 8. h3 } 8... d6 }
9. c3 } 9... Nb8 } 10. d4 } 10... Nbd7 } 11. Nbd2 } 11... Bb7 } 12. a4 } 12...
c6 } 13. Nf1 } 13... Re8 } 14. dxe5 } 14... Nxe5 } 15. Nxe5 } 15... dxe5 } 16.
Bg5 } 16... Qc7 } 17. Qf3 } 17... c5 } 18. Ng3 } 18... c4 } 19. Bc2 } 19... h6
} 20. Be3 } 20... Nh7 } 21. Nf5 } 21... Bg5 } 22. Qg3 } 22... f6 } 23. h4 }
23... Bxe3 } 24. Rxe3 } 24... Kh8 } 25. Qg4 } 25... Bc8 } 26. axb5 } 26...
Bxf5 } 27. exf5 } 27... axb5 } 28. Ree1 } 28... Nf8 } 29. Qe4 } 29... Rad8 }
30. Red1 } 30... Nd7 } 31. Qe3 } 31... Nc5 } 32. g4 } 32... e4 } 33. Rd4 }
33... Nd3 } 34. Rxe4 } 34... Rxe4 } 35. Qxe4 } 35... Nxb2 } 36. g5 } 36... Nd3
} 37. g6 } 37... Qc5 } 38. Bxd3 } 38... cxd3 } 39. Qxd3 } 39... Rc8 } 40. Ra5
} 40... Rb8 } 41. c4 } 41... Qxc4 } 42. Qxc4 } 42... bxc4 } 43. Rc5 } 43...
Kg8 } 44. Rxc4 } 44... Kf8 } 45. Kg2 } 45... Rb5 } 46. Rc8+ } 46... Ke7 } 47.
Rc7+ } 47... Kf8 } 48. Rf7+ } 48... Kg8 } 49. Ra7 } 49... Kf8 } 50. Ra8+ }
50... Ke7 } 51. Rg8 } 51... Rxf5 } 52. Rxg7+ } 52... Kf8 } 53. Rh7 } 53... Rh5
} 54. Kg3 } 54... f5 } 55. Rf7+ } 55... Kg8 } 56. f4 } 56... Kh8 } 57. Ra7 }
57... Kg8 } 58. Rf7 } 58... Kh8 } 59. Rh7+ } 59... Kg8 } 60. Rf7 } {#d}
1/2-1/2

[Event "Eastern Idaho Open"]
[Site "Chess.com"]
[Date "2020.09.26"]
[Round "4"]
[White "Jeffrey944"]
[Black "NLchaos"]
[Result "1/2-1/2"]
[WhiteElo "1452"]
[BlackElo "1614"]

1. d4 } 1... e6 } 2. c4 } 2... f5 } 3. g3 } 3... Nf6 } 4. Nc3 } 4... c6 } 5.
Bg2 } 5... d5 } 6. cxd5 } 6... exd5 } 7. Nh3 } 7... Bd6 } 8. O-O } 8... O-O }
9. Nf4 } 9... Na6 } 10. e3 } 10... Nc7 } 11. f3 } 11... Ne6 } 12. Nxe6 } 12...
Bxe6 } 13. e4 } 13... fxe4 } 14. fxe4 } 14... dxe4 } 15. Nxe4 } 15... Nxe4 }
16. Rxf8+ } 16... Bxf8 } 17. Bxe4 } 17... Bd5 } 18. Qf3 } 18... Bxe4 } 19.
Qxe4 } 19... Qd7 } 20. Bf4 } 20... Re8 } 21. Qd3 } 21... Qd5 } 22. Qb3 } 22...
Qxb3 } 23. axb3 } 23... a6 } 24. Rd1 } 24... Re2 } 25. Rd2 } 25... Rxd2 } 26.
Bxd2 } 26... Kf7 } 27. Kf2 } 27... Ke6 } 28. Ke3 } 28... Kd5 } 29. Kd3 } 29...
g6 } 30. h3 } 30... Bg7 } 31. Bc3 } 31... h5 } 32. g4 } 32... Bh6 } 33. b4 }
33... b5 } 34. b3 } 34... Bf4 } 35. gxh5 } 35... gxh5 } 36. Be1 } 36... Bh2 }
37. Bf2 } 37... Bd6 } 38. Be1 } 38... Bf4 } 39. Bf2 } 39... Bg5 } 40. Bg3 }
40... Bf6 } 41. Bf2 } 41... Bd8 } 42. Be1 } 42... Bc7 } 43. Bf2 } 43... a5 }
44. bxa5 } 44... Bxa5 } 45. Bh4 } 45... Bb4 } 46. Bf2 } 46... Be7 } 47. Bg3 }
47... Bf6 } 48. Bf2 } {#d} 1/2-1/2

[Event "Eastern Idaho Open"]
[Site "Chess.com"]
[Date "2020.09.26"]
[Round "4"]
[White "WaSabi5829"]
[Black "HandsomeTroll"]
[Result "1/2-1/2"]
[WhiteElo "1676"]
[BlackElo "1649"]

1. c4 } 1... c5 } 2. Nc3 } 2... Nc6 } 3. e4 } 3... b6 } 4. d3 } 4... Bb7 } 5.
Nge2 } 5... e5 } 6. g3 } 6... Nf6 } 7. Bg2 } 7... Be7 } 8. O-O } 8... Nd4 } 9.
Nxd4 } 9... cxd4 } 10. Ne2 } 10... d6 } 11. f4 } 11... Nd7 } 12. f5 } 12... f6
} 13. h3 } 13... Nc5 } 14. b4 } 14... Na6 } 15. a3 } 15... Qd7 } 16. Bd2 }
16... Rc8 } 17. Rc1 } 17... g6 } 18. g4 } 18... Kf7 } 19. Ng3 } 19... b5 } 20.
h4 } 20... Kg7 } 21. g5 } 21... bxc4 } 22. dxc4 } 22... Rcf8 } 23. Qg4 } 23...
Bc8 } 24. h5 } 24... Qe8 } 25. gxf6+ } 25... Bxf6 } 26. Qf3 } 26... Bh4 } 27.
h6+ } 27... Kg8 } 28. Bh3 } 28... Bd7 } 29. Qg2 } 29... Bxg3 } 30. Qxg3 }
30... Nb8 } 31. f6 } 31... Bxh3 } 32. Qxh3 } 32... Qd7 } 33. Qg3 } 33... Qe6 }
34. Bg5 } 34... Nd7 } 35. Qh4 } 35... Kf7 } 36. Rfd1 } 36... Rc8 } 37. c5 }
37... dxc5 } 38. bxc5 } 38... Nxc5 } 39. Qh2 } 39... Nxe4 } 40. Rxc8 } 40...
Rxc8 } 41. Qg2 } 41... Nxg5 } 42. Qxg5 } 42... Qf5 } 43. Qg2 } 43... Qd7 } 44.
Qg5 } 44... Qd6 } 45. Qg2 } 45... Rc7 } 46. Rf1 } 46... Rd7 } 47. Qa2+ } 47...
Qe6 } 48. Qd2 } 48... Qg4+ } 49. Kh1 } 49... Qe4+ } 50. Kg1 } 50... Qe3+ } 51.
Qxe3 } 51... dxe3 } 52. Re1 } 52... Kxf6 } 53. Rxe3 } 53... g5 } 54. Kf2 }
54... Re7 } 55. Rh3 } 55... Kg6 } 56. Kf3 } 56... e4+ } 57. Ke3 } 57... g4 }
58. Rg3 } 58... Kxh6 } 59. Rxg4 } 59... Re6 } 60. Rh4+ } 60... Kg7 } 61. Rg4+
} 61... Kf6 } 62. Rh4 } 62... Kg5 } 63. Rxh7 } 63... Ra6 } 64. Rg7+ } 64...
Kf6 } 65. Rc7 } 65... Rxa3+ } 66. Kxe4 } 66... a5 } 67. Kd4 } 67... Ra2 } 68.
Kc3 } 68... Ke6 } 69. Kb3 } 69... Rf2 } 70. Rc6+ } 70... Kd5 } 71. Ra6 } 71...
Rf3+ } {#d} 1/2-1/2

[Event "Eastern Idaho Open"]
[Site "Chess.com"]
[Date "2020.09.26"]
[Round "4"]
[White "BatmanNelson"]
[Black "datservice"]
[Result "1-0"]
[WhiteElo "1351"]
[BlackElo "1166"]

1. e4 } 1... c5 } 2. d4 } 2... cxd4 } 3. Qxd4 } 3... Nc6 } 4. Qd1 } 4... Nf6 }
5. Nc3 } 5... d6 } 6. Nf3 } 6... Bg4 } 7. h3 } 7... Bxf3 } 8. Qxf3 } 8... e6 }
9. Bb5 } 9... a6 } 10. Ba4 } 10... b5 } 11. Bb3 } 11... Nd4 } 12. Qd1 } 12...
Nxb3 } 13. axb3 } 13... Be7 } 14. O-O } 14... O-O } 15. Qd3 } 15... Nd7 } 16.
Qg3 } 16... Bh4 } 17. Qxd6 } 17... Nb6 } 18. Qf4 } 18... Qf6 } 19. Qg4 } 19...
h6 } 20. Re1 } 20... e5 } 21. Nd5 } 21... Nxd5 } 22. exd5 } 22... Qxf2+ } 23.
Kh2 } 23... Qxe1 } 24. c4 } 24... bxc4 } 25. bxc4 } 25... Rfc8 } 26. b3 }
26... Rcb8 } 27. Rb1 } 27... g5 } 28. d6 } 28... Rd8 } 29. c5 } 29... f6 } 30.
d7 } 30... Qg3+ } 31. Qxg3 } 31... Bxg3+ } 32. Kxg3 } 32... Rxd7 } 33. b4 }
33... Rb8 } 34. Be3 } 34... Rd3 } 35. Kf3 } 35... f5 } 36. Ke2 } 36... e4 }
37. Bd2 } 37... Rbd8 } 38. Be1 } 38... f4 } 39. c6 } 39... Re3+ } 40. Kf2 }
40... Rc8 } 41. Rc1 } 41... Kf7 } 42. Kg1 } 42... Rxe1+ } 43. Rxe1 } 43...
Rxc6 } 44. Rxe4 } 44... Re6 } 45. Rd4 } 45... Ke7 } 46. Rd5 } 46... Rd6 } 47.
Ra5 } 47... Kd7 } 48. b5 } 48... axb5 } 49. Rxb5 } 49... Rd1+ } 50. Kf2 }
50... Ke6 } 51. Rb6+ } 51... Kf5 } 52. Rxh6 } 52... Rd2+ } 53. Kg1 } 53... Ke4
} 54. Rh5 } 54... Kf5 } 55. h4 } 55... Kg4 } 56. Rxg5+ } 56... Kxh4 } 57. Rg8
} 57... Rd1+ } 58. Kh2 } 58... Rd2 } 59. Rf8 } 59... Rf2 } 60. Rh8+ } 60...
Kg4 } 61. Rg8+ } 61... Kh4 } 62. Kg1 } 62... Re2 } 63. Rg7 } 63... Re3 } 64.
Rg6 } 64... Rg3 } 65. Ra6 } 65... f3 } 66. Ra4+ } 66... Kg5 } 67. Ra3 } 67...
Rxg2+ } 68. Kf1 } 68... Rh2 } 69. Ra5+ } 69... Kg4 } 70. Ra3 } 70... Kg3 } 71.
Ke1 } 71... Kg2 } 72. Rxf3 } {#r} 1-0

[Event "Eastern Idaho Open"]
[Site "Chess.com"]
[Date "2020.09.26"]
[Round "4"]
[White "fucsko4"]
[Black "caracleliem"]
[Result "0-1"]
[WhiteElo "1629"]
[BlackElo "1252"]

1. Nf3 } 1... c5 } 2. c4 } 2... Nc6 } 3. Nc3 } 3... Nf6 } 4. g3 } 4... g6 } 5.
Bg2 } 5... Bg7 } 6. O-O } 6... O-O } 7. e4 } 7... d6 } 8. Re1 } 8... Bd7 } 9.
e5 } 9... Ng4 } 10. exd6 } 10... exd6 } 11. h3 } 11... Nge5 } 12. d3 } 12...
Bf5 } 13. Nxe5 } 13... Nxe5 } 14. Bxb7 } 14... Rb8 } 15. Be4 } 15... Bxh3 }
16. Kh2 } 16... Be6 } 17. Rb1 } 17... Ng4+ } 18. Kg2 } 18... Qf6 } 19. f3 }
19... Ne5 } 20. Nd5 } 20... Bxd5 } 21. Bxd5 } 21... Rfe8 } 22. Bd2 } 22...
Nxd3 } 23. Rxe8+ } 23... Rxe8 } 24. Bc3 } 24... Qf5 } 25. Bxg7 } 25... Kxg7 }
26. Be4 } 26... Rxe4 } 27. Qxd3 } 27... Rxc4 } 28. Qxc4 } 28... Qxb1 } 29.
Qc3+ } 29... f6 } 30. a3 } 30... Qf5 } 31. Qd2 } 31... Qe5 } 32. b3 } 32...
Kf7 } 33. Kf2 } 33... Qd4+ } 34. Qxd4 } 34... cxd4 } 35. Ke2 } 35... Ke6 } 36.
Kd3 } 36... Kd5 } 37. b4 } 37... f5 } 38. a4 } 38... h5 } 39. a5 } 39... f4 }
40. g4 } 40... h4 } 41. b5 } 41... Kc5 } 42. b6 } 42... axb6 } 43. a6 } 43...
Kc6 } 44. Kxd4 } 44... h3 } 45. Ke4 } 45... h2 } 46. Kxf4 } 46... h1=Q } 47.
a7 } 47... Kb7 } 48. a8=Q+ } 48... Kxa8 } 49. Ke3 } 49... Qe1+ } 50. Kf4 }
50... Qd2+ } 51. Ke4 } 51... d5+ } 52. Ke5 } 52... Kb7 } 53. f4 } 53... d4 }
54. f5 } 54... gxf5 } 55. gxf5 } 55... d3 } 56. f6 } 56... Qc3+ } 57. Ke6 }
57... Qxf6+ } 58. Kxf6 } 58... d2 } 59. Ke7 } 59... d1=Q } 60. Ke6 } 60... Kc6
} 61. Ke5 } 61... Qd5+ } 62. Kf4 } 62... Kd6 } 63. Ke3 } 63... Ke5 } 64. Ke2 }
64... Qb3 } 65. Kd2 } 65... Kd4 } 66. Kc1 } 66... Qd3 } 67. Kb2 } 67... Qc3+ }
68. Kb1 } 68... Kd3 } 69. Ka2 } 69... b5 } 70. Kb1 } 70... Qd2 } 71. Ka1 }
71... Kc3 } 72. Kb1 } 72... Qb2# } 0-1